Upstream Beginner. Tests Booklet

Dettagli Bibliografici
Autore principale: Evans V. Virginia
Altri autori: Dooley J. Jenny
Lingua:inglese
Pubblicazione: Newbury, Express Publishing, 2007
Edizione:3rd ed.
Soggetti:
Natura: MixedMaterials Libro
KOHA link:https://koha.lib.tpu.ru/cgi-bin/koha/opac-detail.pl?biblionumber=128389

MARC

LEADER 00000nam0a2200000 4500
001 128389
005 20231031132720.0
010 |a 978845586775 
035 |a (RuTPU)RU\TPU\book\138877 
090 |a 128389 
100 |a 20071226d2007 m y0engy50 ba 
101 0 |a eng 
102 |a GB 
105 |a a j 000zy 
200 1 |a Upstream Beginner. Tests Booklet  |f V. Evans, J. Dooley 
205 |a 3rd ed. 
210 |a Newbury  |c Express Publishing  |d 2007 
215 |a 62 p.  |c il. 
610 1 |a английский язык 
610 1 |a лексика 
610 1 |a грамматика 
610 1 |a разговорная речь 
610 1 |a упражнения 
610 1 |a учебные пособия 
686 |a Ш143.21-923  |v LBC/SL-A  |2 rubbk 
700 1 |a Evans  |b V.  |g Virginia 
701 1 |a Dooley  |b J.  |g Jenny 
801 1 |a RU  |b 63413507  |c 20071226  |g PSBO 
801 2 |a RU  |b 63413507  |c 20170608  |g PSBO 
942 |c BK 
959 |a 96/20071224  |d 11  |e 134,60  |f ЧЗИЛ:1  |f ЯЦ_Карьера:1